[Event "GER-chT U16"]
[Site "Naumburg"]
[Date "2010.12.28"]
[Round "3.3"]
[White "Hellwig, Tina"]
[Black "Valledor Pereira, Dominik Damian"]
[Result "0-1"]
[WhiteElo "1321"]
[BlackElo "1531"]
[PlyCount "66"]
[EventDate "2010.12.27"]
[EventType "team-swiss"]
[EventRounds "7"]
[EventCountry "GER"]
[SourceTitle "CBM 140 Extra"]
[Source "ChessBase"]
[SourceDate "2011.03.01"]
[SourceVersion "1"]
[SourceVersionDate "2011.03.01"]
[SourceQuality "1"]
[WhiteTeam "Leipzig BSG Chemie"]
[BlackTeam "Lippstadt Turm"]
[WhiteTeamCountry "GER"]
[BlackTeamCountry "GER"]

1. e4 c5 2. d4 cxd4 3. c3 dxc3 4. Nxc3 Nc6 5. Nf3 d6 6. Bc4 Nf6 7. e5 Ng4 8. Bxf7+ Kxf7 9. Ng5+ Ke8 10. e6 Nce5 11. Qa4+ Bd7 12. exd7+ Qxd7 13. Qxd7+ Kxd7 14. 0-0 h6 15. Nge4 a6 16. Rd1 Rc8 17. Bf4 g5 18. Bxe5 Nxe5 19. Rac1 Bg7 20. Na4 Rxc1 21. Rxc1 Nc6 22. b3 Bd4 23. a3 Rc8 24. Kf1 b5 25. Nac3 Bxc3 26. Rxc3 Nd4 27. Rxc8 Kxc8 28. Nd2 Kc7 29. f3 d5 30. Kf2 Kd6 31. Ke3 Nc2+ 32. Kd3 Ne1+ 33. Ke3 Nxg2+ 0-1